000 01413cam a2200349 i 4500
001 3124
003 CO-MdFUSB
005 20240503154842.0
008 221029t2003 sp ||||| |||| 00| 0 spa d
020 _a84-9715-046-5
040 _bspa.
_aCO-MdFUSB
_cCO-MdFUSB
_dCO-MdFUSBC
_erda
041 _aspa
082 0 4 _aR 220.7
_bO236bi v3
100 1 _aLienhard, Joseph T.
_eautor
245 1 0 _aLa Biblia comentada por los padres de la iglesia : Antiguo Testamento : Éxodo, Levítico, Números, Deuteronomio /
_c/ Joseph T. Lienherd , Ronnie J. Rombs ; editado por Thomas C. Oden
264 1 _aMadrid :
_bCiudad Nueva,
_c[2003]
264 4 _c© 2003
300 _aVolumen 3, 472 p.
_c;
336 _2rdacontent
_atexto
_btxt
337 _2rdamedia
_asin mediación
_bn
338 _2rdacarrier
_avolumen
_bnc
500 _aIncluye bibliografía de autores y obras, abreviaturas de siglas y guías para usar el comentario \ Incluye Glosario de autores \ Incluye índice de autores y obras antiguos, índice temático, índice bíblico
501 _aEncuadernado rústico en tapa dura
505 _aÉxodo. Texto y comentarios -- Levítico. Texto y comentarios -- Números. Texto y comentarios -- Deuteronomio. Texto y comentarios.
653 _aAntiguo Testamento
653 _aÉxodo
653 _aLevítico
653 _aNúmeros
653 _aDeuteronomio
942 _cBK
945 _aestudiante
999 _c33828
_d33828